| 000 | 00603nam a2200241Ia 4500 | ||
|---|---|---|---|
| 003 | 0100 | ||
| 008 | 130303s9999 xx 000 0 und d | ||
| 020 | _a041514034X | ||
| 040 | _cARRUPELIB | ||
| 050 | _aBD131.L83 1998 | ||
| 100 | _aLoux, Michael J | ||
| 245 | _aMetaphysics | ||
| 245 | _ba contemporary introduction | ||
| 260 | _aLondon | ||
| 260 | _bRoutledge | ||
| 260 | _C1998 | ||
| 300 | _a240p. | ||
| 300 | _b 23 cm. | ||
| 440 | _aRoutledge contemporary introductions to philosophy, 1 | ||
| 650 | _aMETAPHYSICS | ||
| 650 | _bAfrican fiction--History and criticism | ||
| 942 | 0 | 0 | _01 |
| 999 |
_c13797 _d13797 |
||